Language Quiz

Random Language or Letter Quiz

Constant Consonants (C) Quiz Stats

Quiz Updated Feb 14, 2015

Challenge
Share
Tweet
Embed
Score 0/16 Timer 03:00
0 Plays Today
Clue (Length) Answer % Correct
The third letter of the alphabet, spelled out (3)Cee
95.4%
High card in a Royal Flush (3)Ace
95%
Precedes 'Cube' or 'T' in rappers' names (3)Ice
93.9%
The main ingredient in chocolate (5)Cocoa
89.9%
Pigeon's call (3)Coo
86.5%
Designer Chanel (4)Coco
85.2%
Hall of Fame pitcher, __ Young (2)Cy
82.2%
Namesake ingredient in the world's #1 soft drink (4)Coca
76.3%
Clue (Length) Answer % Correct
Covered in frozen water (3)Icy
64.2%
Another name for the above plant (5)Cacao
51.5%
Actress Kaley - Penny on 'The Big Bang Theory' (5)Cuoco
46.8%
Singers Peniston, Winans or Frey (4)Cece
32.6%
Harry Potter's summoning spell (5)Accio
30.6%
UK politician who won 4 80s Olympic track medals (3)Coe
25.4%
Nietzsche's autobiography '____ Homo' (4)Ecce
23.9%
Thorntree or wattle (6)Acacia
5.5%

You're not logged in!

Compare scores with friends on all Sporcle quizzes.
Sign Up with Email
OR
Log In

You Might Also Like...

Show Comments

Extras

Top Quizzes Today


Score Distribution

Your Account Isn't Verified!

In order to create a playlist on Sporcle, you need to verify the email address you used during registration. Go to your Sporcle Settings to finish the process.